000
00308nam a22001097a 4500
008
230605b xxu||||| |||| 00| 0 eng d
082
_a
328.16
_b
CLE
245
_a
Speaker's Considered Rulings and Guidelines 2013 -2017
_c
The National Assembly
260
_b
Parliament of Kenya
300
_a
248 p
942
_2
ddc
_c
BK
999
_c
460
_d
460